Elektronická zapaľovacia sústava pre motor Honda

Saved in:
Bibliographic Details
Main Author: Tima, Marián (Author)
Other Authors: Polóni, Marián (Thesis advisor)
Format: Manuscript Book
Language:Slovak
Published: 2016
Subjects:
Online Access:http://is.stuba.sk/zp/portal_zp.pl?podrobnosti=133391
Tags: Add Tag
No Tags, Be the first to tag this record!

MARC

LEADER 00000ntm a22000003a 4500
001 stuzp56628
003 SK-STU
005 20160719155040.8
007 ta
008 150427s2015----xo-----f-mn---000-0-slo-d
040 |a STU  |b slo 
041 0 |a slo 
100 1 |a Tima, Marián  |u 020030  |k Z4  |4 aut  |U SjF Strojnícka fakulta  |T SjF Ústav dopravnej techniky a konštruovania  |X 41469  |U J0030  |Y 806  |7 A000041469 
242 0 1 |a Electronic ignition system for the engine Honda  |y eng 
245 1 0 |a Elektronická zapaľovacia sústava pre motor Honda 
260 |c 2016 
650 4 |a zapaľovacia sústava  |2 slo 
650 4 |a klepanie motora  |2 slo 
650 4 |a modelovanie motora  |2 slo 
650 4 |a uhol predstihu zapaľovania  |2 slo 
650 4 |a engine modeling  |2 eng 
650 4 |a spark advance angle  |2 eng 
650 4 |a engine knocking  |2 eng 
650 4 |a ignition system  |2 eng 
700 1 |a Polóni, Marián  |u 020030  |k Z1  |4 ths  |U SjF Strojnícka fakulta  |T SjF Ústav dopravnej techniky a konštruovania  |X 2462  |U J0030  |Y 806  |7 A000002462 
856 4 |u http://is.stuba.sk/zp/portal_zp.pl?podrobnosti=133391 
996 |b 284J044937  |c J* 2567/DP  |l JJSK  |s A  |a 24  |w stuzp56628_0001 
SQL |a stuzp56628  |b DDP  |c SLO  |d Elektronická zapaľovacia sústava pre motor Honda  |e 41469  |f Tima, Marián  |g 020030  |h 2462  |i Polóni, Marián  |j 20160616  |k 1305  |l 02  |m http://is.stuba.sk/zp/portal_zp.pl?podrobnosti=133391  |n I-AMPS  |o 5.2.3. dopravné stroje a zariadenia